000 00334nam a2200145Ia 4500
008 230718s9999 xx 000 0 und d
041 _aEng.
082 _a340548
_bZAF-B
100 _aZafar, in,A
245 0 _aBands Recovery Laws
260 _aPakistan
_bLaw Books Publisher
_c2004
300 _a446
650 _aLaw
999 _c28604
_d28604